| 000 | 00973nam a22002057a 4500 | ||
|---|---|---|---|
| 999 |
_c16515 _d16515 |
||
| 008 | 170926b xxu||||| |||| 00| 0 eng d | ||
| 020 | _a0273736950 | ||
| 040 |
_aKABU _cKABU |
||
| 050 |
_aKTC HF5415.33 _b.E85S35 2012 |
||
| 100 | _aSchiffman, Leon G. | ||
| 245 |
_aConsumer behaviour _ba European outlook _cby Leon G. Schiffman, Leslie Lazar Kanuk and Havard Hansen |
||
| 250 | _a2nd ed. | ||
| 260 |
_aNew York _bPearson _c2012 |
||
| 300 | _axix, 460 p. | ||
| 650 |
_aConsumer behaviour _zEurope |
||
| 650 |
_2 _aMotivation research (marketing) _zEurope |
||
| 700 | _aKanuk, Leslie Lazar | ||
| 700 | _aHansen, Havard | ||
| 942 |
_2lcc _cBK _e2nd ed. _hKTC HF5415.33 .E85S35 2012 |
||